[Event "OBBEM Oberbayern 2012"]
[Site "Weilheim-Marnbach"]
[Date "2012.05.24"]
[Round "1.1"]
[White "Zill, Christoph"]
[Black "Arnoczky, Philipp"]
[Result "1-0"]
[WhiteElo "2219"]
[BlackElo "1999"]
[PlyCount "49"]
[EventDate "2012.05.17"]
[WhiteTeam "SK Freising"]
[BlackTeam "SK Bad Aibling"]

1. f4 Nf6 2. Nf3 d5 3. d3 g6 4. g3 Bg7 5. Bg2 O-O 6. O-O c5 7. Qe1 Nc6 8. e4 e6
9. e5 Ne8 10. c3 b6 11. b4 Ba6 12. Qd2 d4 13. bxc5 dxc3 14. Nxc3 bxc5 15. Rd1
Rc8 16. Ne4 Nd4 17. Ba3 Bb7 18. Nxd4 Qxd4+ 19. Qf2 Qxf2+ 20. Kxf2 Bxe4 21. dxe4
f6 22. Bh3 Rc6 23. Rac1 fxe5 24. Bxc5 Rf6 25. Be7 1-0

[Event "OBBEM Oberbayern 2012"]
[Site "Weilheim-Marnbach"]
[Date "2012.05.24"]
[Round "1.2"]
[White "Höller, Armin"]
[Black "Grawe, Christian"]
[Result "0-1"]
[WhiteElo "2088"]
[BlackElo "2199"]
[PlyCount "44"]
[EventDate "2012.05.17"]
[WhiteTeam "SK Bad Aibling"]
[BlackTeam "Schachklub Germering e. V."]

1. e4 c6 2. d4 d5 3. e5 Bf5 4. Nf3 e6 5. Be2 c5 6. c3 Nc6 7. O-O cxd4 8. Nxd4
Nge7 9. Bb5 a6 10. Nxf5 Nxf5 11. Bd3 Bc5 12. Bf4 O-O 13. Bxf5 exf5 14. Qd3 Qd7
15. Nd2 Rfe8 16. b4 Ba7 17. Nc4 Rad8 18. Rad1 Bb8 19. Nd6 Nxe5 20. Qxd5 Qxd6
21. Qxe5 Qxd1 22. Qxb8 Qxf1+ 0-1

[Event "OBBEM Oberbayern 2012"]
[Site "Weilheim-Marnbach"]
[Date "2012.05.24"]
[Round "1.3"]
[White "Guttenthaler, Franz"]
[Black "Deues, Erik"]
[Result "1-0"]
[WhiteElo "2183"]
[BlackElo "2036"]
[PlyCount "155"]
[EventDate "2012.05.17"]
[WhiteTeam "Schachklub Germering e. V."]
[BlackTeam "Schachklub Germering e. V."]

1. d4 Nf6 2. c4 g6 3. Nc3 d5 4. cxd5 Nxd5 5. e3 Bg7 6. Nge2 O-O 7. Nxd5 Qxd5 8.
Nc3 Qd7 9. Be2 c6 10. O-O e5 11. dxe5 Bxe5 12. e4 Qc7 13. f4 Rd8 14. Qc2 Bd4+
15. Kh1 Na6 16. Bxa6 bxa6 17. Ne2 Bg7 18. Bd2 Bh6 19. Bc3 c5 20. Be5 Qa5 21.
Nc3 Be6 22. Rad1 c4 23. Bd6 Qb6 24. e5 Bf5 25. Qd2 Bf8 26. Nd5 Qb7 27. Nf6+ Kh8
28. Qc3 Bg7 29. Qxc4 Rac8 30. Qd5 Qxd5 31. Nxd5 Rc2 32. Ba3 Be4 33. Ne3 Rcd2
34. Kg1 h5 35. Rxd2 Rxd2 36. Rf2 Rd3 37. Bc5 Rd7 38. Bd6 Kg8 39. Rf1 Bf8 40.
Bxf8 Kxf8 41. Rd1 Rc7 42. Kf2 a5 43. g3 a4 44. Rd4 Bc2 45. Rc4 Rxc4 46. Nxc4
Bb1 47. a3 Ke7 48. Ke3 Kd7 49. Kd4 Kc6 50. Ne3 Ba2 51. Nc2 a5 52. Ne3 Kb5 53.
Nd5 Bb3 54. Ne7 Be6 55. Nd5 Kc6 56. Nc3 Bb3 57. Ne4 Bc2 58. Nd6 Bb3 59. Ne4 Bc2
60. Nc5 Bd1 61. e6 fxe6 62. Nxe6 Kd6 63. Nc5 Kc6 64. Nd3 Bc2 65. Ne5+ Kd6 66.
Nc4+ Ke6 67. Ne3 Bb3 68. Kc5 Kd7 69. h3 Ke6 70. g4 hxg4 71. hxg4 Ke7 72. f5
gxf5 73. Nxf5+ Kf6 74. Kb5 Kg5 75. Kxa5 Kxg4 76. Nd4 Bd1 77. Nb5 Kf4 78. Nc3
1-0

[Event "OBBEM Oberbayern 2012"]
[Site "Weilheim-Marnbach"]
[Date "2012.05.24"]
[Round "1.4"]
[White "Seidenschwarz, Holger"]
[Black "Finsterwalder, Sebastian"]
[Result "0-1"]
[WhiteElo "1989"]
[BlackElo "2066"]
[PlyCount "34"]
[EventDate "2012.05.17"]
[WhiteTeam "SC 1947 Beilngries"]
[BlackTeam "Gautinger SC"]

1. e4 e6 2. d4 d5 3. Nc3 Nf6 4. e5 Nfd7 5. f4 c5 6. Nf3 Nc6 7. Be3 Qb6 8. Na4
Qa5+ 9. c3 b6 10. a3 c4 11. Be2 Ba6 12. b4 cxb3 13. Qxb3 Bxe2 14. Kxe2 Qa6+ 15.
Kd2 Na5 16. Qc2 Nc4+ 17. Ke2 Nb2+ 0-1

[Event "OBBEM Oberbayern 2012"]
[Site "Weilheim-Marnbach"]
[Date "2012.05.24"]
[Round "1.5"]
[White "Schlosser, Andree"]
[Black "Kretschel, Klaus"]
[Result "1-0"]
[WhiteElo "2157"]
[BlackElo "2036"]
[PlyCount "87"]
[EventDate "2012.05.17"]
[WhiteTeam "SAbt TuS Fürstenfeldbruck"]
[BlackTeam "Schachklub Germering e. V."]

1. d4 f5 2. Bf4 Nf6 3. e3 d6 4. a3 Be6 5. Nf3 g6 6. c4 c6 7. Nc3 Nbd7 8. d5 Bg8
9. Qb3 Nc5 10. Qa2 Bg7 11. Rd1 a5 12. Nd4 Qb6 13. Be2 Bf7 14. Bf3 Rc8 15. O-O
O-O 16. Rfe1 Nce4 17. Bxe4 fxe4 18. Rd2 cxd5 19. cxd5 Rxc3 20. bxc3 Nxd5 21.
Bg5 h6 22. c4 Nc3 23. Qc2 hxg5 24. Qxc3 Qc5 25. Rc2 Rc8 26. Rb1 e5 27. Nb3 Qxa3
28. Qxa5 Qxa5 29. Nxa5 b6 30. Rxb6 Ra8 31. Nb3 d5 32. cxd5 Bxd5 33. g4 Kh7 34.
Rc5 Rd8 35. Rc7 Kh6 36. Kg2 Bf8 37. Nc5 Bd6 38. Rd7 Rxd7 39. Nxd7 Bc7 40. Ra6
Bc4 41. Rc6 Bb5 42. Rxc7 Bxd7 43. Rc4 Bxg4 44. Rxe4 1-0

[Event "OBBEM Oberbayern 2012"]
[Site "Weilheim-Marnbach"]
[Date "2012.05.24"]
[Round "1.6"]
[White "Schwertler, Philip"]
[Black "Blodig, Reinhard"]
[Result "0-1"]
[WhiteElo "2006"]
[BlackElo "2162"]
[PlyCount "72"]
[EventDate "2012.05.17"]
[WhiteTeam "SV Ilmmünster"]
[BlackTeam "SC 1947 Beilngries"]

1. d4 Nf6 2. c4 c5 3. d5 b5 4. cxb5 a6 5. bxa6 g6 6. Nc3 Bxa6 7. e4 Bxf1 8.
Kxf1 d6 9. Nge2 Bg7 10. h3 O-O 11. Kg1 Na6 12. Kh2 Qb6 13. Rf1 Rfb8 14. Rb1 Nc7
15. Bg5 Nb5 16. Qd2 Qa7 17. f4 Nxc3 18. Nxc3 Ne8 19. Rfe1 Bd4 20. e5 f6 21.
exf6 exf6 22. Bh4 Qf7 23. Re2 Nc7 24. Ne4 Rxa2 25. Nxd6 Qxd5 26. Ne4 Raxb2 27.
Rxb2 Rxb2 28. Qd1 Rxe2 29. Qxe2 Kf7 30. Bg3 Ne8 31. Qf3 Kg7 32. Qe2 Nd6 33.
Nxd6 Qxd6 34. Qb5 Qe7 35. Qc4 Qe3 36. Qf1 c4 0-1

[Event "OBBEM Oberbayern 2012"]
[Site "Weilheim-Marnbach"]
[Date "2012.05.24"]
[Round "1.7"]
[White "Lochte, Thomas"]
[Black "Theumer, Lutz"]
[Result "1-0"]
[WhiteElo "2164"]
[BlackElo "2117"]
[PlyCount "65"]
[EventDate "2012.05.17"]
[WhiteTeam "SK Weilheim"]
[BlackTeam "SC Moosburg 1956 e.V."]

1. e4 e6 2. d4 d5 3. Nd2 Be7 4. Bd3 c5 5. c3 Nc6 6. Ne2 Qb6 7. O-O Nf6 8. e5
Nd7 9. Nf3 f6 10. Nf4 Nd8 11. exf6 Nxf6 12. Ng5 Nf7 13. Nh5 g6 14. Nxf6+ Bxf6
15. Nxf7 Kxf7 16. dxc5 Qxc5 17. Qf3 Kg7 18. Bh6+ Kxh6 19. Qxf6 Rf8 20. Qe5 Qe7
21. Rae1 Qf6 22. Qd6 Qd8 23. Qb4 Qf6 24. Re3 a5 25. Qb6 Kg7 26. Rf3 Qe7 27.
Qd4+ Kg8 28. Rxf8+ Qxf8 29. Re1 Bd7 30. Qb6 Qc8 31. h4 Bc6 32. h5 g5 33. Qd4
1-0

[Event "OBBEM Oberbayern 2012"]
[Site "Weilheim-Marnbach"]
[Date "2012.05.24"]
[Round "1.8"]
[White "Alefs, Frank"]
[Black "Niedermeier, Thomas"]
[Result "1/2-1/2"]
[WhiteElo "1960"]
[BlackElo "2141"]
[PlyCount "39"]
[EventDate "2012.05.17"]
[WhiteTeam "SK Weilheim"]
[BlackTeam "SV Ilmmünster"]

1. d4 Nf6 2. c4 Nc6 3. Nf3 e6 4. Nc3 Bb4 5. Qc2 O-O 6. Bg5 h6 7. Bh4 d5 8. e3
a6 9. Rd1 dxc4 10. Bxc4 b5 11. Be2 Bb7 12. Ne5 Ne7 13. Bxf6 gxf6 14. Ng4 Kg7
15. h4 Qd6 16. e4 Qf4 17. Bf3 h5 18. Nxf6 Qxf6 19. e5 Qg6 20. Qxg6+ 1/2-1/2

[Event "OBBEM Oberbayern 2012"]
[Site "Weilheim-Marnbach"]
[Date "2012.05.24"]
[Round "1.9"]
[White "Knoblauch, Leonhard"]
[Black "Sandner, Michael"]
[Result "1/2-1/2"]
[WhiteElo "2114"]
[BlackElo "2090"]
[PlyCount "64"]
[EventDate "2012.05.17"]
[WhiteTeam "SV Ilmmünster"]
[BlackTeam "SG Traunstein/Traunreut e.V."]

1. e4 e6 2. d4 d5 3. Nc3 Bb4 4. e5 c5 5. a3 Bxc3+ 6. bxc3 Ne7 7. Bd3 Nbc6 8.
Qg4 Qc7 9. Bd2 O-O 10. Nf3 f5 11. exf6 Rxf6 12. Qh5 g6 13. Qh4 Rf8 14. Bh6 Nf5
15. Bxf5 Rxf5 16. O-O Bd7 17. Rfe1 Re8 18. Ng5 e5 19. g4 Rf4 20. h3 Qd8 21. Qg3
Qf6 22. Qg2 e4 23. Qg3 Rf8 24. Bxf8 Qxf8 25. Rab1 Nd8 26. Nxh7 Kxh7 27. dxc5
Bc6 28. Re3 Ne6 29. Rd1 Qxc5 30. g5 Qf8 31. f3 Qc5 32. Rd4 Qxa3 1/2-1/2

[Event "OBBEM Oberbayern 2012"]
[Site "Weilheim-Marnbach"]
[Date "2012.05.24"]
[Round "1.10"]
[White "Bieringer, Konrad"]
[Black "Uebele, Peter"]
[Result "1/2-1/2"]
[WhiteElo "1944"]
[BlackElo "2168"]
[PlyCount "72"]
[EventDate "2012.05.17"]
[WhiteTeam "SK Töging"]
[BlackTeam "SC Wolfratshausen 1948 e.V."]

1. d4 Nf6 2. Nf3 g6 3. Nc3 d5 4. Bf4 Bg7 5. e3 O-O 6. Be2 b6 7. Ne5 Bb7 8. h4
h6 9. g4 Nfd7 10. Nxd7 Nxd7 11. Qd2 e5 12. Bg3 c5 13. O-O-O cxd4 14. exd4 exd4
15. Nb5 Nc5 16. Nxd4 Ne4 17. Qf4 Nxg3 18. Qxg3 Re8 19. Bf3 Qd7 20. Kb1 a5 21.
g5 h5 22. Bg2 a4 23. a3 Ba6 24. Bh3 Qb7 25. f4 Re4 26. c3 Qc7 27. Bg2 Qxf4 28.
Qxf4 Rxf4 29. Bxd5 Re8 30. Bc6 Rd8 31. Bxa4 Bxd4 32. cxd4 Rdxd4 33. Rxd4 Rxd4
34. Bb3 Bd3+ 35. Bc2 Bxc2+ 36. Kxc2 Kg7 1/2-1/2

[Event "OBBEM Oberbayern 2012"]
[Site "Weilheim-Marnbach"]
[Date "2012.05.24"]
[Round "1.11"]
[White "Graf, Christian"]
[Black "Szabo, Paul"]
[Result "1-0"]
[WhiteElo "2146"]
[BlackElo "1779"]
[PlyCount "81"]
[EventDate "2012.05.17"]
[WhiteTeam "SU Ebersberg-Grafing"]
[BlackTeam "SK Weilheim"]

1. e4 c5 2. Nf3 Nc6 3. d4 cxd4 4. Nxd4 Nf6 5. Nc3 a6 6. Nxc6 bxc6 7. e5 Nd5 8.
Nxd5 Qa5+ 9. Nc3 Qxe5+ 10. Be2 Rb8 11. O-O d5 12. Re1 Qf6 13. Bg4 e6 14. Qf3
Qd4 15. Rd1 Qb4 16. a3 Qe7 17. Qg3 Rb7 18. b3 h5 19. Be2 Rd7 20. Na4 Bb7 21.
Be3 Qd8 22. Nc5 h4 23. Qg4 Re7 24. Nxb7 Rxb7 25. Bxa6 Rd7 26. b4 h3 27. g3 Qa8
28. Bf1 Qa4 29. c3 Qc2 30. Rdc1 Qa4 31. Bxh3 g5 32. Bg2 Be7 33. Bxg5 Rg8 34. h4
Bxg5 35. hxg5 Rg6 36. Qf4 f6 37. gxf6 Kf7 38. Bf3 Rxf6 39. Bh5+ Ke7 40. Qg5 e5
41. Qg7+ 1-0

[Event "OBBEM Oberbayern 2012"]
[Site "Weilheim-Marnbach"]
[Date "2012.05.24"]
[Round "2.1"]
[White "Schlosser, Andree"]
[Black "Zill, Christoph"]
[Result "0-1"]
[WhiteElo "2157"]
[BlackElo "2219"]
[PlyCount "54"]
[EventDate "2012.05.??"]
[WhiteTeam "SAbt TuS Fürstenfeldbruck"]
[BlackTeam "SK Freising"]

1. d4 e6 2. Bf4 Nf6 3. e3 c5 4. c3 b6 5. a4 a6 6. Nf3 Bb7 7. h3 Be7 8. Be2 O-O
9. O-O d6 10. Nbd2 cxd4 11. exd4 Nbd7 12. Qb3 Qc7 13. Rfe1 Rfe8 14. Bh2 Bf8 15.
Bf1 Rac8 16. Rad1 Qb8 17. Qa3 e5 18. Qb3 Bd5 19. Bc4 Rxc4 20. Nxc4 b5 21. axb5
axb5 22. dxe5 Bxc4 23. Qc2 dxe5 24. Nxe5 Nxe5 25. Qf5 Nfd7 26. Rxd7 Nf3+ 27.
gxf3 Rxe1+ 0-1

[Event "OBBEM Oberbayern 2012"]
[Site "Weilheim-Marnbach"]
[Date "2012.05.24"]
[Round "2.2"]
[White "Grawe, Christian"]
[Black "Lochte, Thomas"]
[Result "1/2-1/2"]
[WhiteElo "2199"]
[BlackElo "2164"]
[PlyCount "82"]
[EventDate "2012.05.??"]
[WhiteTeam "Schachklub Germering e. V."]
[BlackTeam "SK Weilheim"]

1. e4 e5 2. Nf3 Nf6 3. d4 Nxe4 4. Bd3 d5 5. dxe5 Be7 6. O-O O-O 7. c4 Bf5 8.
Qc2 Na6 9. a3 Nac5 10. Re1 Nxd3 11. Qxd3 dxc4 12. Qxc4 Nc5 13. Nc3 Be6 14. Qe2
Nb3 15. Rb1 Bf5 16. Ne4 Nc5 17. Rd1 Bxe4 18. Rxd8 Rfxd8 19. Nd2 Bd3 20. Qg4 Nb3
21. Nxb3 Bxb1 22. h4 Rd3 23. Bh6 Bf8 24. Nd2 Rad8 25. Nxb1 Rd1+ 26. Kh2 Rxb1
27. e6 fxe6 28. Qxe6+ Kh8 29. h5 Rxb2 30. Be3 h6 31. Kh3 Rb5 32. g4 Rbd5 33. g5
hxg5 34. Kg4 Bxa3 35. Bxg5 Rxg5+ 36. Kxg5 Bc1+ 37. Kg4 Rf8 38. Qe7 Rxf2 39.
Qxc7 Bh6 40. Qxb7 Rf4+ 41. Kg3 Kg8 1/2-1/2

[Event "OBBEM Oberbayern 2012"]
[Site "?"]
[Date "2012.05.17"]
[Round "2"]
[White "Blodig, Reinhard"]
[Black "Guttenthaler, Franz"]
[Result "1-0"]
[WhiteElo "2117"]
[BlackElo "2160"]
[PlyCount "128"]
[EventDate "2012.??.??"]
[WhiteTeam "SC 1947 Beilngries"]
[BlackTeam "SK Germering e.V."]

1. g3 e5 2. c4 Nc6 3. Bg2 Bc5 4. e3 d6 5. Nc3 a6 6. b3 Ba7 7. Bb2 Nge7 8. Nge2
h5 9. h4 Bg4 10. a3 Qd7 11. b4 O-O 12. Qc2 Rab8 13. Rc1 Rfe8 14. O-O Bh3 15.
Ne4 Bxg2 16. Kxg2 Qg4 17. f3 Qg6 18. Kh2 Nd8 19. Ng5 Qxc2 20. Rxc2 f6 21. Nh3
Ne6 22. f4 Rbd8 23. f5 Nf8 24. e4 Nc6 25. Nhg1 Re7 26. Kh3 Nd7 27. g4 hxg4+ 28.
Kxg4 Nd4 29. Rcc1 Nb3 30. Rcd1 b5 31. cxb5 axb5 32. Bc3 c5 33. d3 Nd4 34. Bxd4
cxd4 35. Rc1 Nb6 36. Rc6 d5 37. Kf3 dxe4+ 38. Kxe4 Nc8 39. Ng3 Nd6+ 40. Kf3 Kf7
41. Re1 Bb8 42. Kg4 Ra7 43. Ra1 Ke7 44. Nf3 Kd7 45. Rc5 Bc7 46. Rc2 Rda8 47.
Rca2 Bd8 48. Nd2 Be7 49. Nb3 Nb7 50. Nc1 Nd8 51. Kf3 Nf7 52. Ne4 Ra4 53. Nb3
R4a7 54. Nbc5+ Bxc5 55. Nxc5+ Ke8 56. Ne6 Nd6 57. Kg4 Kf7 58. h5 Ne8 59. Nc5
Nc7 60. a4 Nd5 61. a5 Ne3+ 62. Kf3 Nxf5 63. a6 Nd6 64. Nb7 Ne8 {Rest
unvollständig Zeitnot} 1-0

[Event "OBBEM Oberbayern 2012"]
[Site "Weilheim-Marnbach"]
[Date "2012.05.24"]
[Round "2.4"]
[White "Finsterwalder, Sebastian"]
[Black "Graf, Christian"]
[Result "1-0"]
[WhiteElo "2066"]
[BlackElo "2146"]
[PlyCount "183"]
[EventDate "2012.05.??"]
[WhiteTeam "Gautinger SC"]
[BlackTeam "SU Ebersberg-Grafing"]

1. d4 d5 2. c4 c6 3. Nf3 Nf6 4. e3 e6 5. Bd3 Nbd7 6. O-O Bd6 7. Nc3 O-O 8. e4
dxc4 9. Bxc4 e5 10. Bg5 Qe7 11. Bb3 exd4 12. Nxd4 Nc5 13. Bc2 Be5 14. f4 Bxd4+
15. Qxd4 Ne6 16. Qe5 Re8 17. Bxf6 gxf6 18. Qh5 Qc5+ 19. Qxc5 Nxc5 20. Rad1 Bg4
21. Rd6 Rad8 22. Rxd8 Rxd8 23. f5 b5 24. b4 Nd3 25. h3 Nxb4 26. Bb1 Bh5 27. g4
Rd2 28. Rd1 Rxd1+ 29. Nxd1 Bxg4 30. hxg4 Kf8 31. Kf2 a5 32. Nc3 Na6 33. a3 Ke7
34. Ba2 Nc5 35. Ke3 b4 36. axb4 axb4 37. Nd1 b3 38. Bb1 Na4 39. Kd4 Kd6 40. Ne3
Nb6 41. Kc3 Ke5 42. Ng2 Nd7 43. Kxb3 Nc5+ 44. Kc4 Nxe4 45. Bd3 Ng3 46. Kc5 h5
47. gxh5 Nxh5 48. Ne3 Ng3 49. Nc4+ Kf4 50. Nd6 Ke3 51. Bb1 Kf4 52. Kxc6 Ke5 53.
Nxf7+ Kf4 54. Nd6 Ke5 55. Kd7 Nh5 56. Ke7 Ng3 57. Bc2 Kd5 58. Ne8 Ke5 59. Ng7
Ne2 60. Kf7 Nd4 61. Bb1 Ne2 62. Nh5 Nd4 63. Kg6 Nc6 64. Nxf6 Ne7+ 65. Kg5 Nxf5
66. Bxf5 Kd4 67. Kf4 Kc3 68. Nd7 Kc4 69. Ne5+ Kc3 70. Ke4 Kc2 71. Kd4+ Kb2 72.
Kc4 Ka2 73. Kc3 Ka1 74. Nc4 Ka2 75. Nd2 Ka1 76. Nb3+ Ka2 77. Bd3 Ka3 78. Bb1
Ka4 79. Nd4 Ka3 80. Nb5+ Ka4 81. Kc4 Ka5 82. Kc5 Ka4 83. Bc2+ Ka5 84. Nd6 Ka6
85. Bb3 Ka5 86. Nb7+ Ka6 87. Kc6 Ka7 88. Kc7 Ka6 89. Bc4+ Ka7 90. Nd6 Ka8 91.
Bd3 Ka7 92. Nc8+ 1-0

[Event "OBBEM Oberbayern 2012"]
[Site "Weilheim-Marnbach"]
[Date "2012.05.24"]
[Round "2.5"]
[White "Niedermeier, Thomas"]
[Black "Bieringer, Konrad"]
[Result "1-0"]
[WhiteElo "2141"]
[BlackElo "1944"]
[PlyCount "61"]
[EventDate "2012.05.??"]
[WhiteTeam "SV Ilmmünster"]
[BlackTeam "SK Töging"]

1. e4 e6 2. d4 d5 3. Nc3 Nc6 4. Nf3 Nf6 5. e5 Ne4 6. Bd3 Bb4 7. Bd2 Nxd2 8.
Qxd2 Bd7 9. a3 Be7 10. h4 f6 11. Qf4 O-O 12. Qg3 fxe5 13. dxe5 Bc5 14. h5 Ne7
15. Ne2 Nf5 16. Qh3 Bb6 17. g4 Nh6 18. g5 Nf5 19. O-O-O c5 20. c4 Qe7 21. Nf4
d4 22. Ng6 hxg6 23. hxg6 Nh6 24. gxh6 Rxf3 25. Qxf3 Bc6 26. Qh3 Bxh1 27. hxg7
Qxg7 28. Qxe6+ Kf8 29. Rxh1 Re8 30. Rh8+ Qxh8 31. Qf7# 1-0

[Event "OBBEM Oberbayern 2012"]
[Site "Weilheim-Marnbach"]
[Date "2012.05.24"]
[Round "2.6"]
[White "Uebele, Peter"]
[Black "Knoblauch, Leonhard"]
[Result "1/2-1/2"]
[WhiteElo "2168"]
[BlackElo "2114"]
[PlyCount "39"]
[EventDate "2012.05.??"]
[WhiteTeam "SC Wolfratshausen 1948 e.V."]
[BlackTeam "SV Ilmmünster"]

1. d4 Nf6 2. c4 e6 3. g3 c5 4. Nf3 cxd4 5. Nxd4 Nc6 6. Bg2 Qb6 7. Nc2 Bc5 8.
O-O d5 9. cxd5 Nxd5 10. e4 Ndb4 11. Nxb4 Bxb4 12. a3 Be7 13. Nc3 O-O 14. Rb1
Rd8 15. Qa4 Bc5 16. b4 Bd4 17. Ne2 Bf6 18. Be3 Qc7 19. b5 Qa5 20. Qxa5 1/2-1/2

[Event "OBBEM Oberbayern 2012"]
[Site "Weilheim-Marnbach"]
[Date "2012.05.24"]
[Round "2.7"]
[White "Sandner, Michael"]
[Black "Alefs, Frank"]
[Result "1-0"]
[WhiteElo "2090"]
[BlackElo "1960"]
[PlyCount "105"]
[EventDate "2012.05.??"]
[WhiteTeam "SG Traunstein/Traunreut e.V."]
[BlackTeam "SK Weilheim"]

1. e4 e6 2. d4 d5 3. Nc3 Bb4 4. e5 c5 5. a3 Bxc3+ 6. bxc3 Ne7 7. Qg4 cxd4 8.
Qxg7 Rg8 9. Qxh7 Qc7 10. Ne2 Nbc6 11. f4 dxc3 12. Qd3 d4 13. Rg1 Nf5 14. g4 Nh4
15. Rg3 Bd7 16. Qh7 O-O-O 17. Qxh4 Rh8 18. Qf6 Rxh2 19. Qxf7 Qb6 20. Rd3 Rdh8
21. Qg6 Ne7 22. Qe4 Bc6 23. Qxd4 Qxd4 24. Nxd4 Bg2 25. Rxc3+ Kb8 26. Rg3 Be4
27. Bd2 Rd8 28. c3 Nd5 29. O-O-O Rc8 30. Re1 Bb1 31. Nf3 Rf2 32. Kxb1 Nxc3+ 33.
Kb2 Na4+ 34. Kb3 Nc5+ 35. Kb4 a5+ 36. Kb5 Nb3 37. Be3 Rb2 38. Ka4 Rc3 39. Bb6
Rc6 40. Nd4 Nc5+ 41. Bxc5 Rxc5 42. Rb3 Rd2 43. Nf3 Rf2 44. Reb1 Kc8 45. g5 b6
46. Ba6+ Kc7 47. g6 Rg2 48. Rg1 Rgc2 49. g7 R2c4+ 50. Bxc4 Rxc4+ 51. Kb5 Rc5+
52. Ka6 a4 53. Rb5 1-0

[Event "OBBEM Oberbayern 2012"]
[Site "Weilheim-Marnbach"]
[Date "2012.05.24"]
[Round "2.8"]
[White "Arnoczky, Philipp"]
[Black "Kretschel, Klaus"]
[Result "1-0"]
[WhiteElo "1999"]
[BlackElo "2036"]
[PlyCount "93"]
[EventDate "2012.05.??"]
[WhiteTeam "SK Bad Aibling"]
[BlackTeam "Schachklub Germering e. V."]

1. d4 f5 2. c4 Nf6 3. g3 g6 4. Bg2 Bg7 5. Nf3 d6 6. O-O c6 7. Nc3 O-O 8. Qc2
Na6 9. a3 Qc7 10. Rd1 e5 11. b4 Bd7 12. Qb3 e4 13. Ne1 Be6 14. Bf4 Nh5 15. Be3
d5 16. cxd5 cxd5 17. b5 Nb8 18. Rac1 Qd6 19. Nc2 Nd7 20. Qb4 Qxb4 21. Nxb4 Nb6
22. a4 Rfd8 23. Bg5 Rd7 24. a5 Nc4 25. Ncxd5 Bxd5 26. Nxd5 Nxa5 27. Nc7 Rc8 28.
Ne6 Rxc1 29. Rxc1 h6 30. Rc8+ Kh7 31. Bd8 b6 32. g4 fxg4 33. Bxe4 Rf7 34. Bd5
Rd7 35. e4 Nb7 36. Bxb7 Rxb7 37. Bc7 Bf6 38. e5 Bh4 39. d5 a5 40. d6 a4 41. Ra8
a3 42. Rxa3 Ng7 43. Nf8+ Kg8 44. Nxg6 Bg5 45. h4 gxh3 46. f4 Kf7 47. Nh8+ 1-0

[Event "OBBEM Oberbayern 2012"]
[Site "Weilheim-Marnbach"]
[Date "2012.05.24"]
[Round "2.9"]
[White "Theumer, Lutz"]
[Black "Höller, Armin"]
[Result "1/2-1/2"]
[WhiteElo "2117"]
[BlackElo "2088"]
[PlyCount "85"]
[EventDate "2012.05.??"]
[WhiteTeam "SC Moosburg 1956 e.V."]
[BlackTeam "SK Bad Aibling"]

1. d4 f5 2. g3 Nf6 3. Bg2 e6 4. Nf3 d5 5. O-O Bd6 6. c4 c6 7. b3 Qe7 8. Bb2 O-O
9. Qc1 b6 10. Ba3 c5 11. Nc3 a6 12. Rd1 Bb7 13. Qc2 Nbd7 14. Rac1 Rac8 15. dxc5
Bxc5 16. Bxc5 bxc5 17. cxd5 exd5 18. Nh4 Nb6 19. Nxf5 Qe5 20. Nh4 Ng4 21. Nf3
Qe7 22. h3 Nh6 23. Nh2 Qf7 24. Rf1 Nf5 25. e3 d4 26. Nd1 Bxg2 27. Kxg2 Qd5+ 28.
e4 Qb7 29. f3 Nd6 30. Nb2 Nb5 31. Nc4 Rfd8 32. Nxb6 Qxb6 33. Qc4+ Kh8 34. Rfd1
Nc3 35. Rd2 Qa5 36. Nf1 Qa3 37. Re1 Qa5 38. f4 Re8 39. e5 Rcd8 40. Kh2 Nd5 41.
Ree2 Nc3 42. Re1 Nd5 43. Ree2 1/2-1/2

[Event "OBBEM Oberbayern 2012"]
[Site "Weilheim-Marnbach"]
[Date "2012.05.24"]
[Round "2.11"]
[White "Szabo, Paul"]
[Black "Seidenschwarz, Holger"]
[Result "1/2-1/2"]
[WhiteElo "1779"]
[BlackElo "1989"]
[PlyCount "232"]
[EventDate "2012.05.??"]
[WhiteTeam "SK Weilheim"]
[BlackTeam "SC 1947 Beilngries"]

1. e4 e5 2. f4 Bc5 3. Nf3 d6 4. d4 exd4 5. Bd3 Bg4 6. O-O Nc6 7. a3 a5 8. h3
Bxf3 9. Qxf3 Qd7 10. Kh1 Nge7 11. Qg3 g6 12. Nd2 a4 13. Nf3 f5 14. e5 dxe5 15.
fxe5 Nd8 16. Bg5 Ne6 17. Rae1 Nd5 18. Bf6 Rf8 19. Ng5 Nxg5 20. Qxg5 Be7 21. Qh4
O-O-O 22. Qxd4 c5 23. Qc4 Nxf6 24. exf6 Rxf6 25. b4 axb3 26. Qxb3 Bd6 27. Qd5
Bf8 28. Qb3 Bd6 29. Bc4 Re8 30. Rd1 Qe7 31. Bd5 Rd8 32. Rfe1 Qc7 33. Rb1 b6 34.
Qa4 Bg3 35. Qa6+ Kd7 36. Re3 Rd6 37. Rd1 Bf2 38. Re2 Bg3 39. Rd3 Bf4 40. Qa4+
Kc8 41. Be6+ Rxe6 42. Qa8+ Qb8 43. Rxd8+ Kxd8 44. Qxb8+ Bxb8 45. Rxe6 Bc7 46.
c4 Kd7 47. Re1 Bf4 48. a4 Bg3 49. Rd1+ Kc7 50. Kg1 h5 51. Rd5 h4 52. Kf1 Bh2
53. Ke2 Bg1 54. Kf3 Bh2 55. g4 hxg3 56. Kg2 Kc6 57. h4 Kc7 58. a5 bxa5 59.
Rxc5+ Kb6 60. Re5 a4 61. Re6+ Kc5 62. Rxg6 Kxc4 63. Rf6 Kd5 64. Rxf5+ Ke6 65.
Ra5 Kf6 66. Rxa4 Kg6 67. Ra1 Kh6 68. Kh3 Kh5 69. Ra5+ Kh6 70. Rg5 Kh7 71. Kg2
Kh6 72. Kf3 Kh7 73. Ke4 Kh6 74. Kf5 Bg1 75. Rxg3 Bf2 76. Rh3 Kh5 77. Rf3 Be1
78. Rh3 Bf2 79. Kf4 Be1 80. Kf3 Bb4 81. Rh1 Be7 82. Kf4 Bd6+ 83. Kf5 Bc5 84.
Rc1 Bf2 85. Kf4 Bd4 86. Rc7 Bf2 87. Rd7 Be1 88. Rd8 Bc3 89. Rc8 Bd4 90. Kg3
Be5+ 91. Kh3 Bf6 92. Rc5+ Kg6 93. Kg4 Bd4 94. Rc6+ Kh7 95. h5 Be3 96. Rg6 Bc1
97. Kf5 Bd2 98. Ke6 Be3 99. Kf7 Bf4 100. Rf6 Bc1 101. h6 Bd2 102. Re6 Bc1 103.
Re1 Bd2 104. Rh1 Be3 105. Kf6 Bd4+ 106. Kf5 Be3 107. Re1 Bxh6 108. Rh1 Kg7 109.
Rg1+ Kf7 110. Rb1 Ke7 111. Rb7+ Kd8 112. Ke6 Bf4 113. Rf7 Bh2 114. Rd7+ Kc8
115. Rh7 Bg3 116. Kd5 Kd8 1/2-1/2

[Event "OBBEM Oberbayern 2012"]
[Site "Weilheim-Marnbach"]
[Date "2012.05.24"]
[Round "3.1"]
[White "Zill, Christoph"]
[Black "Finsterwalder, Sebastian"]
[Result "1-0"]
[WhiteElo "2219"]
[BlackElo "2066"]
[PlyCount "103"]
[EventDate "2012.05.??"]
[WhiteTeam "SK Freising"]
[BlackTeam "Gautinger SC"]

1. e4 e6 2. d4 d5 3. Nc3 Nf6 4. e5 Nfd7 5. f4 c5 6. Nf3 Nc6 7. Be3 Be7 8. Qd2
O-O 9. dxc5 Bxc5 10. Bxc5 Nxc5 11. O-O-O b6 12. h4 a5 13. h5 Ba6 14. Bxa6 Nxa6
15. Rh3 Nc5 16. f5 d4 17. Qf4 exf5 18. Qxf5 Qd7 19. Nxd4 Nxd4 20. Qxd7 Nxd7 21.
Rxd4 Nxe5 22. Re3 f6 23. h6 gxh6 24. Nd5 Rae8 25. Nxb6 Ng6 26. Rxe8 Rxe8 27.
Kd2 Rb8 28. Nc4 Ne5 29. Nxe5 fxe5 30. Rg4+ Kf7 31. b3 Kf6 32. Ke3 Kf5 33. Rg7
Rb4 34. Rxh7 Re4+ 35. Kd3 Rd4+ 36. Ke3 Re4+ 37. Kd3 Rd4+ 38. Kc3 Rg4 39. Rxh6
Rg3+ 40. Kb2 e4 41. Rh5+ Kf4 42. Rxa5 Rxg2 43. Ra8 Rg5 44. Rf8+ Ke3 45. b4 Re5
46. a4 Kd4 47. Rd8+ Ke3 48. a5 Kf2 49. a6 Re7 50. Rd2+ Kf3 51. b5 e3 52. Rd3
1-0

[Event "OBBEM Oberbayern 2012"]
[Site "Weilheim-Marnbach"]
[Date "2012.05.24"]
[Round "3.2"]
[White "Grawe, Christian"]
[Black "Blodig, Reinhard"]
[Result "1/2-1/2"]
[WhiteElo "2199"]
[BlackElo "2162"]
[PlyCount "103"]
[EventDate "2012.05.??"]
[WhiteTeam "Schachklub Germering e. V."]
[BlackTeam "SC 1947 Beilngries"]

1. e4 d6 2. d4 g6 3. Nc3 Bg7 4. f4 Nf6 5. Nf3 c5 6. dxc5 Qa5 7. Qd4 dxc5 8. Qc4
O-O 9. Qb5 Qxb5 10. Bxb5 a6 11. Bd3 Rd8 12. e5 Ne8 13. Be3 b6 14. Be4 Ra7 15.
Nd5 f5 16. exf6 Nxf6 17. O-O-O Re8 18. Nxf6+ exf6 19. Bd5+ Kf8 20. Rhe1 Rc7 21.
Bf2 Bh6 22. g3 Nc6 23. a3 Rxe1 24. Rxe1 Ne7 25. Be6 Bxe6 26. Rxe6 Rc6 27. Rxc6
Nxc6 28. b4 cxb4 29. Bxb6 Kf7 30. Kb2 Bf8 31. axb4 Bxb4 32. Kb3 Ke6 33. c3 Bd6
34. Kc4 Ne7 35. Nd4+ Kd7 36. Bc5 Nc6 37. Nb3 Bc7 38. Bb4 Nxb4 39. cxb4 Bb6 40.
Nc5+ Kc6 41. Nxa6 Bg1 42. Nc5 Bxh2 43. b5+ Kc7 44. g4 Kd6 45. f5 gxf5 46. gxf5
h5 47. Ne4+ Ke5 48. Nxf6 Kxf6 49. Kd3 h4 50. Ke2 Kxf5 51. Kf1 h3 52. b6 1/2-1/2